All Teams Ever Played for by Kevin-Prince Boateng - Statistics

General Stats
  • This quiz has been taken 95 times
    77 since last reset
  • The average score is 9 of 18
Answer Stats
Years Answer % Correct
2016 AC Milan
91%
2010-2013 AC Milan
91%
2019 (loan) Barcelona
87%
2013-2015 Schalke 04
58%
2009 (loan) Borussia Dortmund
55%
2010-2014 Ghana
54%
2021- Hertha Berlin
48%
2005-2007 Hertha Berlin
48%
2004-2007 Hertha Berlin II
48%
2016-2017 Las Palmas
45%
2018-2019 Sassuolo
45%
2017-2018 Eintracht Frankfurt
40%
2007-2009 Tottenham Hotspur
40%
2009-2010 Portsmouth
39%
2019-2020 Fiorentina
37%
2010 Genoa
24%
2020-2021 Monza
24%
2020 (loan) Beşiktaş
22%
No matching quizzes found
Score Distribution
Percent of People with Each Score
Percentile by Number Answered
Your Score History
You have not taken this quiz since the last reset